| 000 | 00421 a2200169 4500 | ||
|---|---|---|---|
| 020 | _a8124203059 | ||
| 022 | _a8124203059 | ||
| 082 | _a659.2 | ||
| 090 |
_c6450 _d6450 |
||
| 100 | _aBeard,Mike. | ||
| 245 |
_aRunning A Public Relations Department. _cMike Beard. |
||
| 250 | _a1st. | ||
| 260 |
_aNew Delhi. _bCrest Publishing House. _c2003. |
||
| 300 | _a157p. | ||
| 500 | _aHard cover. | ||
| 942 |
_aNBS _cBK _k659.2 BEA |
||
| 999 |
_c348813 _d348813 |
||